| 000 | 00703nam a2200205 i 4500 | ||
|---|---|---|---|
| 001 | 46852 | ||
| 003 | ES-MaACL | ||
| 005 | 20230906161446.0 | ||
| 007 | t| | ||
| 008 | 030401s1978 sp ||||1| spa d | ||
| 111 | 2 |
_aSemana Económica Internacional ( _n7ª. _d1977. _cMadrid) _91005 |
|
| 245 | 1 | 0 |
_aConsecuencias políticas del desarrollo económico / _cJosé Ramón Alvarez Redueles, Miguel Boyer, Rafael Cabello de Alba. |
| 250 | _a1ª ed. | ||
| 260 |
_a[Barcelona] : _bDopesa, _c[1978] |
||
| 300 |
_a278 p. ; _c24 cm. |
||
| 700 | 1 |
_aAlvarez Rendueles, José Ramón. _920929 |
|
| 700 | 1 |
_aBoyer, Miguel. _931185 |
|
| 700 | 1 |
_aCabello de Alba, Rafael. _933174 |
|
| 852 |
_aES-MaACL _jA-8199 _bR.97182 |
||
| 999 |
_c46852 _d46852 |
||